| 000 | 00528nam a2200193Ia 4500 | ||
|---|---|---|---|
| 008 | 131103s9999 xx 000 0 und d | ||
| 020 | _a0 7214 0886 9 | ||
| 040 | _aLoreto College | ||
| 041 | _aEnglish | ||
| 082 |
_aCHBK _b#NAME? |
||
| 100 | _aCollins, Joan | ||
| 245 |
_aKing Arthur _b and the knights of the round table _cJoan Collins |
||
| 260 |
_aUK _bLadybirds _c1917 |
||
| 300 |
_a44p. _b ill. _c 21cm. |
||
| 440 | _aLadybird children's classics | ||
| 650 | _aCHBK - 1 | ||
| 850 | _aLCBED/CHBK - 1/COL | ||
| 942 | _cBK | ||
| 999 |
_c31128 _d81607 |
||